000 01148nam a22002657a 4500
999 _c64607
_d64607
005 20240530110740.0
008 180923s2015 ua a f b 000 0 ara d
017 _bمصر. دار الكتب
_a2013/22253
020 _a9789774522660
040 _aEG-CaGPL
_cEG-CaGPL
082 0 4 _221
_a305.5
_bق/ح م
100 0 _aحسام محمد عبدالمعطى
245 1 0 _aالمغاربة فى مصر خلال القرن الثامن عشر /
_cتأليف حسام محمد عبدالمعطى ؛ تقديم اسماعيل سراج الدين
250 _aط.1
260 _aالاسكندرية :
_bمكتبة الاسكندرية،
_c2016 .
300 _a286 ص. :
_bايض ؛
_c24 سم.
504 _aيشتمل على ارجاعات ببليوجرافية
650 0 7 _2qrmak
_aالقبائل المغربية
_zمصر
651 0 7 _2qrmak
_aمصر
_xتاريخ
_yالعصر العثمانى
651 0 7 _aالمغرب
_xالعلاقات الخارجية
_zمصر
651 0 7 _aالمغرب
_xتاريخ
700 0 _aاسماعيل سراج الدين
_eتقديم
942 _2ddc
_cBK